| 000 | 00000nam 2200000zi 4500 |
| 001 | 9.930169 |
| 003 | CaOODSP |
| 005 | 20240611142208 |
| 006 | m o d f |
| 007 | cr cn||||||||| |
| 008 | 231109e201008##oncd ob f000 0 eng d |
| 040 | |aCaOODSP|beng|erda|cCaOODSP |
| 043 | |an-cn--- |
| 086 | 1 |aPS84-227/2010E-PDF |
| 100 | 1 |aMacDonald, Colleen, |eauthor. |
| 245 | 10|aEvaluation of CSC's community corrections : |bphase 1 - report of the focus group sessions with community partners and stakeholders / |cprepared by: Colleen MacDonald, Duyen Luong, Michael Olotu. |
| 264 | 1|a[Ottawa] : |bCorrectional Service Canada = Service correctionnel Canada, |cAugust 2010. |
| 300 | |a1 online resource (21 pages) : |bgraphs |
| 336 | |atext|btxt|2rdacontent |
| 337 | |acomputer|bc|2rdamedia |
| 338 | |aonline resource|bcr|2rdacarrier |
| 500 | |aCover title. |
| 504 | |aIncludes bibliographical references (page 20). |
| 520 | |a"The following report summarizes the findings from focus group sessions with community partners and stakeholders which constituted the first phase of the multi-year evaluation of Correctional Service Canada’s (CSC’s) Community Corrections"--Executive summary, page 4. |
| 610 | 20|aCorrectional Service Canada|xEvaluation. |
| 610 | 26|aService correctionnel Canada|xÉvaluation. |
| 650 | 0|aCommunity-based corrections|zCanada|xEvaluation. |
| 650 | 6|aServices correctionnels communautaires|zCanada|xÉvaluation. |
| 710 | 2 |aCorrectional Service Canada, |eissuing body. |
| 856 | 40|qPDF|s367 KB|uhttps://publications.gc.ca/collections/collection_2024/scc-csc/PS84-227-2010-eng.pdf |
| 986 | |a394-02-84 |